Regions of the Philippines (with map!) - Statistics

General Stats
  • This quiz has been taken 5,238 times
  • The average score is 10 of 17
Answers on the Map
Answers color-coded by a green-red scale on the quiz's map according to % correct below.
 
Answer Stats
Regions % Correct
National Capital Region
85%
Davao
74%
Ilocos
68%
Central Luzon
67%
Mimaropa
66%
Calabarzon
63%
Cagayan Valley
62%
Western Visayas
62%
Eastern Visayas
61%
Bicol
60%
Central Visayas
60%
Zamboanga Peninsula
58%
Cordillera
56%
Autonomous Region in Muslim Mindanao
52%
Northern Mindanao
50%
Soccsksargen
50%
Caraga
46%
No matching quizzes found
Score Distribution
Percent of People with Each Score
Percentile by Number Answered
Your Score History
You have not taken this quiz